000 00520nam a2200205Ia 4500
003 OSt
005 20220926045643.0
006 a|||||r|||| 00| 0
007 ta
008 220923b |||||||| |||| 00| 0 eng d
037 _cGeneral Book
040 _aRTL
_cRTL
_beng
041 _2eng
_aeng
082 _aW:24, J4;K4/TD
100 _aDUVERGER Maurice
_991692
245 0 _aPolitical parties.
260 _c1967
942 _hW:24, J4;K4/TD
_cGB
_2CC
999 _c678274
_d678274